| 000 | 00818nam a2200217 a 4500 | ||
|---|---|---|---|
| 001 | 25562 | ||
| 003 | CO-ViMGA | ||
| 008 | 141112s2004 ck r 000 u spa d | ||
| 020 | _a9789584224590 | ||
| 040 |
_aCO-ViMGA _bspa _cCO-ViMGA |
||
| 041 | _aSPA | ||
| 082 | 0 | 4 | _a980 E76c |
| 100 | 1 |
_aEspaña Arenas, Gonzalo, 1945 - _939075 |
|
| 245 | 1 | 0 |
_a111 historias claves de la independencia : _bque todo el mundo debería saber / _cGonzalo España |
| 250 | _a1a ed. | ||
| 260 |
_aBogotá : _bMartínez Roca, _c2013 |
||
| 300 | _a293 p. | ||
| 500 | _aIncluye bibliografía al final del texto. | ||
| 651 |
_aCOLOMBIA - HISTORIA - ANECDOTAS, CHISTES, SATIRAS, ETC. / COLOMBIA - HISTORIA - GUERRA DE INDEPENDENCIA, 1810 - 1819 / América LATINA - HISTORIA - GUERRAS DE INDEPENDENCIA, 1806 - 1830 _939076 |
||
| 942 |
_2ddc _cBK |
||
| 999 |
_c5137 _d5137 |
||